000
00251nam a22001217a 4500
082
_a
823
_b
UNK/M
100
_a
UNKNOWN
245
_a
MOSES
260
_a
CHALAKUDY
_b
DIVINE RETREAT CENTRE
300
_a
32
650
_a
ENGLISH STORY
_z
KERALA
942
_c
BK
999
_c
7513
_d
7513